[Event "FIN-chT1A 1819"]
[Site "Finland"]
[Date "2018.12.08"]
[Round "4.2"]
[White "Havansi, Erkki ET"]
[Black "Kangas, Lauri"]
[Result "0-1"]
[WhiteElo "2185"]
[BlackElo "2011"]
[PlyCount "78"]
[EventDate "2018.09.15"]
[EventType "team-tourn"]
[EventRounds "7"]
[EventCountry "FIN"]
[SourceTitle "EXT 2020"]
[Source "ChessBase"]
[SourceDate "2019.10.17"]
[SourceVersion "1"]
[SourceVersionDate "2019.10.17"]
[SourceQuality "1"]
[WhiteTeam "Helsinki LauttSK"]
[BlackTeam "Helsinki Passi"]
[WhiteTeamCountry "FIN"]
[BlackTeamCountry "FIN"]

1. Nf3 d5 2. c4 e6 3. g3 Nf6 4. Bg2 Be7 5. d4 0-0 6. Qc2 Nbd7 7. 0-0 b6 8. cxd5 exd5 9. Nc3 Bb7 10. Bf4 c5 11. Rfd1 Rc8 12. Rac1 h6 13. Nb5 Ne4 14. Nxa7 Ra8 15. Nb5 Rxa2 16. Na3 c4 17. Qb1 Rxa3 18. bxa3 Bxa3 19. Rc2 Bc6 20. Nd2 Nxd2 21. Rdxd2 Qe7 22. e4 Ba4 23. exd5 Bxc2 24. Rxc2 Rc8 25. Bh3 g5 26. Be3 b5 27. Qxb5 Rb8 28. Qxd7 Rb1+ 29. Rc1 Bxc1 30. Qc8+ Kg7 31. Qf5 Ra1 32. Bxc1 Rxc1+ 33. Kg2 Rd1 34. Bg4 Rxd4 35. Bf3 g4 36. Bxg4 Qe4+ 37. Qxe4 Rxe4 38. Bf3 Rd4 39. Be2 c3 0-1

[Event "FIN-chT1A 1617"]
[Site "Finland"]
[Date "2017.01.14"]
[Round "5.3"]
[White "Havansi, Erkki ET"]
[Black "Heinola, Vesa Pekka"]
[Result "0-1"]
[WhiteElo "2209"]
[BlackElo "2195"]
[PlyCount "80"]
[EventDate "2016.09.17"]
[EventType "team-tourn"]
[EventRounds "7"]
[EventCountry "FIN"]
[SourceTitle "EXT 2019"]
[Source "ChessBase"]
[SourceDate "2018.10.10"]
[SourceVersion "1"]
[SourceVersionDate "2018.10.10"]
[SourceQuality "1"]
[WhiteTeam "Helsinki SSK"]
[BlackTeam "Helsinki HSK"]
[WhiteTeamCountry "FIN"]
[BlackTeamCountry "FIN"]

1. Nf3 d5 2. c4 d4 3. e3 Nc6 4. exd4 Nxd4 5. Nxd4 Qxd4 6. Nc3 c6 7. d3 Nh6 8. Be3 Qd8 9. d4 Nf5 10. Be2 g6 11. Qd2 Bg7 12. Rd1 0-0 13. 0-0 Nxe3 14. fxe3 e5 15. Kh1 f5 16. d5 Bd7 17. b4 Qg5 18. e4 Qh4 19. Bf3 Bh6 20. Qe1 Qe7 21. dxc6 bxc6 22. b5 Rac8 23. bxc6 Bxc6 24. Nd5 Bxd5 25. cxd5 Qd6 26. Qa5 Be3 27. Rfe1 Bf2 28. Re2 Bb6 29. Qa4 Rc3 30. Rc2 Rxc2 31. Qxc2 fxe4 32. Bxe4 Rf4 33. h3 Kg7 34. Qd3 Qb4 35. d6 Qxe4 36. Qb5 Rf2 37. Qd7+ Rf7 38. Qe8 Qe2 39. Rb1 Rf1+ 40. Kh2 Bg1+ 0-1

[Event "FIN-chT1A 1617"]
[Site "Finland"]
[Date "2016.09.17"]
[Round "1.4"]
[White "Pitkaaho, Arto"]
[Black "Havansi, Erkki ET"]
[Result "1/2-1/2"]
[WhiteElo "2144"]
[BlackElo "2209"]
[PlyCount "60"]
[EventDate "2016.09.17"]
[EventType "team-tourn"]
[EventRounds "7"]
[EventCountry "FIN"]
[SourceTitle "EXT 2019"]
[Source "ChessBase"]
[SourceDate "2018.10.10"]
[SourceVersion "1"]
[SourceVersionDate "2018.10.10"]
[SourceQuality "1"]
[WhiteTeam "Raahe Li"]
[BlackTeam "Helsinki SSK"]
[WhiteTeamCountry "FIN"]
[BlackTeamCountry "FIN"]

1. c4 Nf6 2. Nc3 e6 3. e4 c5 4. e5 Ng8 5. Nf3 d6 6. exd6 Bxd6 7. d4 Nc6 8. dxc5 Bxc5 9. Qxd8+ Nxd8 10. a3 Nf6 11. b4 Be7 12. Nb5 0-0 13. Bf4 Bd7 14. h3 Nc6 15. Rd1 a5 16. Nc7 Rac8 17. b5 Nb8 18. Be2 Bxa3 19. 0-0 Bc5 20. Na8 a4 21. Nd2 Rfe8 22. Be5 Bxb5 23. cxb5 Nbd7 24. Nc7 Nxe5 25. Nxe8 Rxe8 26. Nf3 Ng6 27. Nd4 Nf4 28. Bf3 e5 29. Ne2 Nxe2+ 30. Bxe2 b6 1/2-1/2

[Event "FIN-chT1B 1516"]
[Site "Finland"]
[Date "2016.01.09"]
[Round "5.4"]
[White "Havansi, Erkki ET"]
[Black "Hamalainen, Jussi"]
[Result "0-1"]
[WhiteElo "2229"]
[BlackElo "1984"]
[PlyCount "88"]
[EventDate "2015.09.12"]
[EventType "team-tourn"]
[EventRounds "8"]
[EventCountry "FIN"]
[SourceTitle "EXT 2017"]
[Source "ChessBase"]
[SourceDate "2016.10.25"]
[SourceVersion "1"]
[SourceVersionDate "2016.10.25"]
[SourceQuality "1"]
[WhiteTeam "Helsinki SSK"]
[BlackTeam "Mikkeli SK"]
[WhiteTeamCountry "FIN"]
[BlackTeamCountry "FIN"]

1. d4 d6 2. Nf3 Nf6 3. g3 g6 4. b3 Bg7 5. Bb2 0-0 6. Bg2 c6 7. 0-0 a5 8. c4 Na6 9. Nc3 Rb8 10. e4 Nc7 11. Re1 Bg4 12. Qc2 Bxf3 13. Bxf3 Nd7 14. Rad1 b5 15. cxb5 cxb5 16. Ne2 b4 17. a4 bxa3 18. Bxa3 Nb5 19. Bb2 Qb6 20. Qd2 e5 21. dxe5 Nxe5 22. Bg2 Nd3 23. Qxd3 Bxb2 24. Rb1 Be5 25. Nf4 Nc3 26. Nd5 Nxd5 27. Qxd5 Rfc8 28. Bf1 Rc2 29. Re2 Rc5 30. Qd1 Rc3 31. Ra2 h5 32. Kg2 h4 33. Qg4 hxg3 34. hxg3 Kg7 35. Qd1 Rh8 36. Bc4 Rh5 37. Qe2 Rg5 38. Qe1 a4 39. bxa4 Qd8 40. Bd5 Qf6 41. Qxc3 Bxc3 42. a5 Qd4 43. Rb5 Rxd5 44. exd5 Qc4 0-1

[Event "FIN-chT1B 1516"]
[Site "Finland"]
[Date "2015.09.12"]
[Round "1.3"]
[White "Havansi, Erkki ET"]
[Black "Syvalahti, Timo"]
[Result "1/2-1/2"]
[WhiteElo "2229"]
[BlackElo "2104"]
[PlyCount "30"]
[EventDate "2015.09.12"]
[EventType "team-tourn"]
[EventRounds "8"]
[EventCountry "FIN"]
[SourceTitle "EXT 2017"]
[Source "ChessBase"]
[SourceDate "2016.10.25"]
[SourceVersion "1"]
[SourceVersionDate "2016.10.25"]
[SourceQuality "1"]
[WhiteTeam "Helsinki SSK"]
[BlackTeam "Karjaa KarjUra"]
[WhiteTeamCountry "FIN"]
[BlackTeamCountry "FIN"]

1. Nf3 Nf6 2. c4 b6 3. g3 Bb7 4. d4 e6 5. Bg2 Bb4+ 6. Nbd2 0-0 7. 0-0 d5 8. a3 Be7 9. Re1 Nbd7 10. cxd5 exd5 11. b4 Bd6 12. Nb3 Re8 13. Nh4 Ne4 14. Qd3 Qf6 15. Qf3 Qxf3 1/2-1/2

[Event "FIN-chT 1112"]
[Site "Finland"]
[Date "2012.02.11"]
[Round "8.4"]
[White "Westerinen, Heikki MJ"]
[Black "Havansi, Erkki ET"]
[Result "1/2-1/2"]
[WhiteElo "2340"]
[BlackElo "2223"]
[PlyCount "32"]
[EventDate "2011.09.17"]
[EventType "team-tourn"]
[EventRounds "11"]
[EventCountry "FIN"]
[SourceTitle "EXT 2013"]
[Source "ChessBase"]
[SourceDate "2012.11.22"]
[SourceVersion "1"]
[SourceVersionDate "2012.11.22"]
[SourceQuality "1"]
[WhiteTeam "Salo SK"]
[BlackTeam "Helsinki SSK"]
[WhiteTeamCountry "FIN"]
[BlackTeamCountry "FIN"]

1. e4 c5 2. Nf3 e6 3. Nc3 a6 4. g3 b5 5. Bg2 Bb7 6. d4 cxd4 7. Nxd4 d6 8. 0-0 Nf6 9. Bg5 Be7 10. e5 Bxg2 11. exf6 gxf6 12. Kxg2 fxg5 13. Qh5 0-0 14. f4 Qb6 15. Nf3 Qc5 16. Rae1 gxf4 1/2-1/2

[Event "FIN-chT1A 1011"]
[Site "Finland"]
[Date "2010.11.21"]
[Round "5.3"]
[White "Havansi, Erkki ET"]
[Black "Aaltio, Erkki"]
[Result "1-0"]
[WhiteElo "2239"]
[BlackElo "2131"]
[PlyCount "63"]
[EventDate "2010.09.18"]
[EventType "team-tourn"]
[EventRounds "9"]
[EventCountry "FIN"]
[SourceTitle "EXT 2022"]
[Source "ChessBase"]
[SourceDate "2021.10.06"]
[SourceVersion "1"]
[SourceVersionDate "2021.10.06"]
[SourceQuality "1"]
[WhiteTeam "Helsinki SSK"]
[BlackTeam "Helsinki HSK III"]
[WhiteTeamCountry "FIN"]
[BlackTeamCountry "FIN"]

1. c4 e5 2. Nf3 Nc6 3. d4 exd4 4. Nxd4 Bb4+ 5. Bd2 Bxd2+ 6. Qxd2 Nge7 7. Nc3 0-0 8. e4 d6 9. Be2 Nxd4 10. Qxd4 Nc6 11. Qd2 f5 12. 0-0 fxe4 13. Nxe4 Qe7 14. Nc3 Be6 15. Nd5 Qd7 16. Rac1 Rae8 17. Rc3 Ne5 18. Rg3 c6 19. Ne3 Ng6 20. Bh5 Bf7 21. Qd4 Re5 22. Bxg6 Bxg6 23. Qxa7 Re4 24. Qa5 Ref4 25. Qd2 Qe6 26. b3 Qe5 27. Rg4 R4f6 28. Rd4 Qe7 29. h3 Be4 30. Ng4 Re6 31. Re1 c5 32. Rdxe4 1-0

[Event "Tampere op 9th"]
[Site "Tampere"]
[Date "1998.??.??"]
[Round "4"]
[White "Nyysti, Sampsa"]
[Black "Havansi, Erkki ET"]
[Result "1-0"]
[WhiteElo "2165"]
[BlackElo "2235"]
[PlyCount "71"]
[EventDate "1998.??.??"]
[EventType "swiss"]
[EventRounds "5"]
[EventCountry "FIN"]
[SourceTitle "EXT 2002"]
[Source "ChessBase"]
[SourceDate "2001.11.25"]
[SourceVersion "1"]
[SourceVersionDate "2001.11.25"]
[SourceQuality "1"]

1. e4 c5 2. Nf3 e6 3. Qe2 Nc6 4. g3 g6 5. h4 Bg7 6. d3 d6 7. h5 Bd7 8. Na3 Qc7 9. c3 Ne5 10. Bg2 0-0-0 11. h6 Bf8 12. d4 Nxf3+ 13. Bxf3 e5 14. Bd2 f6 15. b4 g5 16. bxc5 dxc5 17. dxe5 Qxe5 18. Nc4 Qc7 19. Rb1 Bc6 20. Be3 Re8 21. 0-0 Nxh6 22. Rfd1 Nf7 23. Na3 Ne5 24. Bg2 Be7 25. Nb5 Qb8 26. Bh3+ Nd7 27. Bxd7+ Bxd7 28. Rxd7 Kxd7 29. Qg4+ Kc6 30. Qe6+ Bd6 31. Qd5+ Kd7 32. Nxd6 Re5 33. Qf7+ Kxd6 34. Rd1+ Kc6 35. Qd7+ Kb6 36. Rb1+ 1-0

[Event "Heart of Finland op 07th"]
[Site "Jyvaskyla"]
[Date "1997.??.??"]
[Round "3"]
[White "Yrjola, Jouni"]
[Black "Havansi, Erkki ET"]
[Result "1-0"]
[WhiteElo "2435"]
[BlackElo "2250"]
[PlyCount "115"]
[EventDate "1997.07.??"]
[EventType "swiss"]
[EventRounds "9"]
[EventCountry "FIN"]
[SourceTitle "EXT 1999"]
[Source "ChessBase"]
[SourceDate "1998.11.16"]
[SourceVersion "1"]
[SourceVersionDate "1998.11.16"]
[SourceQuality "1"]

1. d4 Nf6 2. c4 e6 3. Nf3 b6 4. a3 Bb7 5. Nc3 d5 6. Bg5 Be7 7. Qa4+ Qd7 8. Qxd7+ Nbxd7 9. Nb5 Kd8 10. cxd5 Nxd5 11. e4 N5f6 12. Bf4 Ne8 13. Nc3 h6 14. 0-0-0 g5 15. Bg3 Nd6 16. Ne5 f6 17. Ng6 Rg8 18. Nxe7 Kxe7 19. f3 Rac8 20. Bd3 Nf7 21. Bc4 c6 22. Rhe1 Rgd8 23. Ba2 Nf8 24. b4 Rd7 25. Kb2 Rcd8 26. Bf2 Ng6 27. g3 Nf8 28. b5 cxb5 29. f4 Nd6 30. f5 Nc4+ 31. Bxc4 bxc4 32. fxe6 Kxe6 33. d5+ Kf7 34. Bd4 Kg6 35. Rf1 Nh7 36. Rf2 Rf7 37. Rdf1 Rdd7 38. g4 Bc8 39. h3 b5 40. Ne2 a5 41. Bc3 b4 42. axb4 Rb7 43. b5 Rxb5+ 44. Kc2 h5 45. Nd4 Rbb7 46. Nc6 hxg4 47. hxg4 Bxg4 48. e5 Rfc7 49. exf6 Rxc6 50. dxc6 Rf7 51. Rd2 Bh3 52. Rf3 Bg4 53. Rff2 Nf8 54. Be5 Ne6 55. Rd7 Nc5 56. Rxf7 Kxf7 57. c7 Nd3 58. Re2 1-0